| 000 | 00491nam a2200169Ia 4500 | ||
|---|---|---|---|
| 003 | IN-BaIIA | ||
| 008 | 211028s9999 xx 000 0 eng d | ||
| 040 | _cIIA Library | ||
| 080 |
_a524.57 _bSPI |
||
| 100 |
_aSpitzer, Lyman _95802 |
||
| 245 | 0 |
_aDiffuse matter in space _cLyman Spitzer |
|
| 260 |
_aNew York _bInterscience Publishers _c1968 |
||
| 300 | _axiii, 262p. | ||
| 490 | _aInterscience tracts on physics and astronomy; no. 28 | ||
| 650 |
_aInterstellar matter _91189 |
||
| 942 | _cBK | ||
| 999 |
_c3258 _d3258 |
||